Loading...
| Fine Arts - Visual | 0 | 4 | 0 | 0 | 40 | 94 | 109.50 | 0 | 4 | 0.00 | 0.00 |
| History - European | 0 | 3 | 0 | 0 | 30 | 81 | 99.00 | 1 | 3 | 0.00 | 0.00 |
| Beliefs | 1 | 1 | 0 | 0 | 25 | 38 | 83.00 | 2 | 2 | 0.00 | 0.00 |
| 0 | 3 | 2 | 0 | 20 | 76 | 105.33 | 0 | 3 | 0.00 | 0.00 | |
| Other Science: Math | 0 | 2 | 0 | 1 | 20 | 84 | 110.00 | 1 | 2 | 0.00 | 0.00 |
| Science - Physics | 0 | 2 | 0 | 1 | 20 | 121 | 131.50 | 0 | 2 | 0.00 | 0.00 |
| Social Science | 0 | 2 | 0 | 2 | 20 | 114 | 126.50 | 0 | 2 | 0.00 | 0.00 |
| Other Arts: Auditory | 1 | 0 | 0 | 0 | 15 | 40 | 40.00 | 1 | 1 | 0.00 | 0.00 |
| Other Science: Computer Science | 1 | 0 | 1 | 0 | 10 | 46 | 46.00 | 1 | 1 | 0.00 | 0.00 |
| Philosophy | 0 | 1 | 0 | 1 | 10 | 132 | 132.00 | 0 | 1 | 0.00 | 0.00 |
| Other Science: Astronomy | 0 | 1 | 0 | 0 | 10 | 100 | 100.00 | 0 | 1 | 0.00 | 0.00 |
| History - World | 0 | 1 | 0 | 0 | 10 | 118 | 118.00 | 0 | 1 | 0.00 | 0.00 |
| Literature - American | 0 | 1 | 0 | 0 | 10 | 123 | 123.00 | 0 | 1 | 0.00 | 0.00 |
| Science - Biology | 0 | 0 | 1 | 0 | -5 | 0.00 | 0 | 0 | 0.00 | 0.00 | |
| Fine Arts - Auditory | 0 | 0 | 1 | 0 | -5 | 0.00 | 0 | 0 | 0.00 | 0.00 |